Datum a čas kvízu
23.5
Celkem bodů
Celkový počet nahraných bodů na tomto kvízu bez doplňovacích otázek.
6.
Pořadí na kvízu
Konečné umístění týmu na tomto kvízu.
Zaznamenané odpovědi
| # | Otázka | Odpověď | Body | Výsledky |
|---|---|---|---|---|
| 1. | V úterý zaměstnalo policejní o... | Helena Válková; ANO | 1 | |
| 2. | Prezidenti Sadyr Žaparov a Imo... | Kyrgyzstán, Tádžikistán | 1 | |
| 3. | Ve středu vystoupil v pražské... | Lenny Kravitz | 1 | |
| 4. | Minulý týden jsme se dozvěděli... | Okay | 1 | |
| 5. | Jak se jmenuje italský gólman,... | Gianluigi Donnarumma | 0 | |
| 6. | V příštích pěti otázkách vždy... | D | 1 | |
| 7. | V době, kdy Lyndon B. Johnson... | Tokio, Mexico City | 0.5 | |
| 8. | Co nemohl během svého působení... | B | 1 | |
| 9. | Ze kterého města pocházel tým,... | Zlín | 0 | |
| 10. | O které z těchto událostí se z... | D | 0 |